00731nam a22001337a 4500003000400000020001800004082001800022100001600040245006700056260003000123300000900153650003800162653039700200SGT a9788180544019 a658.4034, KAP aKAPOOR K.V. aOPERATIONS RESEARCH (QUANTITATIVE TECHNIQUES FOR MANAGEMENT)  aNEW DELHI bSULTAN c2013 aV.P. aMATHEMATICS & OPERATION RESEARCH  aINTRODUCTION TO OPERATIONS RESEARCH, LINEAR PROGRAMMING-: FORMULATION AND GRAPHIC SOLUTION METHOD, LINEAR PROGRAMMING - 2: SIMPLEX METHOD, LINEAR PROGRAMMING 3: DUALITY AND SENSITIVITY, TRANSPORTATION PROBLEM, ASSIGNMENT PROBLEM, SEQUENCING PROBLEM, REPLACEMENT THEORY, QUEUING THEORY, DECISION ANALYSIS, THEORY OF GAMES, INVENTORY MANAGEMENT, SIMULATION, MORKOV CHAINS, INVESTMENT ANALYSIS